[Event "Manizales op 24th"]
[Site "Manizales"]
[Date "2014.01.10"]
[Round "5"]
[White "Ramirez, Jorge Ivan"]
[Black "Bravo, Juan Eduardo"]
[Result "1/2-1/2"]
[WhiteElo "1600"]
[BlackElo "1724"]
[PlyCount "81"]
[EventDate "2014.01.08"]
[EventType "swiss"]
[EventRounds "8"]
[EventCountry "COL"]
[SourceTitle "CBM 158 Extra"]
[Source "ChessBase"]
[SourceDate "2014.02.28"]
[SourceVersion "1"]
[SourceVersionDate "2014.02.28"]
[SourceQuality "1"]

1. e4 e5 2. Nf3 Nc6 3. Bb5 d6 4. 0-0 Bd7 5. c3 a6 6. Ba4 Nf6 7. Re1 Be7 8. d4 exd4 9. cxd4 0-0 10. h3 Na5 11. Bxd7 Nxd7 12. b3 Nc6 13. Bb2 Bg5 14. Nxg5 Qxg5 15. Qd2 Qxd2 16. Nxd2 Ne7 17. Rac1 c6 18. Nf3 Ng6 19. g3 Rac8 20. Kf1 Rfe8 21. e5 dxe5 22. Nxe5 Ndxe5 23. dxe5 c5 24. Rcd1 Rcd8 25. Rxd8 Rxd8 26. e6 fxe6 27. Rxe6 Rd1+ 28. Re1 Rxe1+ 29. Kxe1 Kf7 30. Ke2 b6 31. f4 Ke6 32. Ke3 Ne7 33. g4 g6 34. Ke4 b5 35. Ba3 b4 36. Bb2 h6 37. Bg7 h5 38. Bb2 hxg4 39. hxg4 a5 40. Bg7 Nc8 41. Bb2 1/2-1/2